Bundesländer Deutschlands nach Satellitenbilder - Statistiken

Allgemein
  • Dieses Quiz wurde 71 mal gespielt
  • Das Durchschnittsergebnis liegt bei 14 aus 16
Antwortstatistiken
Bildquiz Antwort % Korrekt
Schleswig-Holstein
98%
Mecklenburg-Vorpommern
97%
Niedersachsen
95%
Bayern
90%
Berlin
90%
Hamburg
90%
Baden-Württemberg
89%
Bremen
87%
Saarland
81%
Brandenburg
79%
Hessen
79%
Nordrhein-Westfalen
79%
Rheinland-Pfalz
79%
Sachsen
79%
Sachsen-Anhalt
78%
Thüringen
78%
Keine übereinstimmenden Quizze gefunden
Verteilung der Resultate
Anzahl Personen mit jedem Resultat
Perzentil nach korrekt beantworteten Fragen
Ihre Resultats-Entwicklung
Sie haben dieses Quiz noch nicht gespielt